Anthropology : (Record no. 18599)
[ view plain ]
| 000 -CABECERA | |
|---|---|
| campo de control de longitud fija | 00783cam a2200229 a 4500 |
| 001 - NÚMERO DE CONTROL | |
| campo de control | 000019081 |
| 005 - FECHA Y HORA DE LA ÚLTIMA TRANSACCIÓN | |
| campo de control | 20240509185222.0 |
| 008 - DATOS DE LONGITUD FIJA--INFORMACIÓN GENERAL | |
| campo de control de longitud fija | 701217s1966 nyuab b 001 0 eng d |
| 040 ## - FUENTE DE LA CATALOGACIÓN | |
| Centro catalogador/agencia de origen | DO-SdBNP |
| Centro/agencia transcriptor | DLC |
| Centro/agencia modificador | DLC |
| -- | BNPHU |
| 082 ## - NÚMERO DE LA CLASIFICACIÓN DECIMAL DEWEY | |
| Número de clasificación | 301 |
| Número de documento/Ítem | H693a, 1966 |
| 049 ## - FONDOS LOCALES (OCLC) | |
| Fondos de biblioteca | BNGR |
| 100 1# - ENTRADA PRINCIPAL--NOMBRE DE PERSONA | |
| Nombre de persona | Hoebel, E. Adamson, |
| Forma completa/desarrollada del nombre | (Edward Adamson), |
| Fechas asociadas al nombre | 1906-1993 |
| 9 (RLIN) | 41058 |
| 245 10 - MENCIÓN DE TÍTULO | |
| Título | Anthropology : |
| Resto del título | the study of man / |
| Mención de responsabilidad, etc. | E. Adamson Hoebel. |
| 250 ## - MENCIÓN DE EDICIÓN | |
| Mención de edición | 3a ed. |
| 260 ## - PUBLICACIÓN, DISTRIBUCIÓN, ETC. | |
| Lugar de publicación, distribución, etc. | New York : |
| Nombre del editor, distribuidor, etc. | McGraw-Hill, |
| Fecha de publicación, distribución, etc. | 1966. |
| 300 ## - DESCRIPCIÓN FÍSICA | |
| Extensión | 591 p. : |
| Otras características físicas | illus., maps ; |
| Dimensiones | 24 cm. |
| 500 ## - NOTA GENERAL | |
| Nota general | Incluyed index |
| 500 ## - NOTA GENERAL | |
| Nota general | Previous editions have title: Man in the primitive world; an introduction to anthropology. |
| 504 ## - NOTA DE BIBLIOGRAFÍA, ETC. | |
| Nota de bibliografía, etc. | Bibliography: p. [539]-557. |
| 650 #0 - PUNTO DE ACCESO ADICIONAL DE MATERIA--TÉRMINO DE MATERIA | |
| Término de materia o nombre geográfico como elemento de entrada | Antropología |
| 9 (RLIN) | 85431 |
| 910 ## - DATOS DE OPCIÓN DEL USUARIO (OCLC) | |
| Datos de opción del usuario | Catalogación derivada / LC |
| Estado de retiro | Estado de pérdida | Restricciones de uso | No para préstamo | Código de colección | Localización permanente | Ubicación/localización actual | Ubicación en estantería | Fecha de adquisición | Número de inventario | Total de préstamos | Signatura topográfica completa | Código de barras | Fecha visto por última vez | Precio válido a partir de | Tipo de ítem Koha |
|---|---|---|---|---|---|---|---|---|---|---|---|---|---|---|---|
| Monografías: Libros y Folletos | General | General | En catalogación | 25.05.2010 | LF1 | 301 H693a, 1966 | 19081-10 | 25.06.2020 | 25.06.2020 | Préstamo en sala |
